000
00221nam a22000857a 4500
008
161215b xxu||||| |||| 00| 0 eng d
100
_9
2073
_a
Anand B. R
245
_a
ABC of School atlas-7
260
_a
New Delhi
_b
Holy Faith
_c
2006
999
_c
4947
_d
4947